Statistics for Second Largest Cities by European Countries: Map Quiz

Click here to take the quiz!

General Stats

  • This quiz has been taken 2,116 times
  • The average score is 28 of 45

Answers on the Map

Answers color-coded by a green-red scale on the quiz's map according to % correct below.
 

Answer Stats

Answer% Correct
Barcelona
96%
Birmingham
94%
Marseille
92%
St Petersburg
92%
Hamburg
91%
Antwerp
90%
Naples
90%
Cork
89%
Porto
89%
Thessaloniki
88%
Geneva
87%
Kraków
87%
Rotterdam
87%
Gothenburg
83%
Bergen
82%
Aarhus
78%
Graz
76%
Vatican City
75%
Brno
71%
Kharkiv
71%
Split
71%
Vaduz
69%
Kópavogur
59%
Novi Sad
57%
Kaunas
55%
Constanța
53%
Plovdiv
53%
Espoo
52%
Esch-sur-Alzette
50%
Košice
49%
Tartu
49%
Debrecen
48%
Maribor
46%
Tiraspol
46%
Daugavpils
45%
Durrës
43%
Banja Luka
40%
Les Escaldes
38%
Borgo Magiorre
37%
Homel
37%
La Condamine
34%
Nikšić
31%
Prizren
31%
Bitola
23%
Mosta
22%

Score Distribution

Percentile by Number Answered

Percent of People with Each Score

Your Score History

You have not taken this quiz